| 000 | 00873nam a22002177a 4500 | ||
|---|---|---|---|
| 999 |
_c144861 _d144861 |
||
| 005 | 20181124150952.0 | ||
| 010 | _a1718EN-30 ENG-121734 | ||
| 020 |
_a9788180521416 _c995.00 |
||
| 035 | _aEN-105266 | ||
| 035 | _aB-686877-878 | ||
| 037 |
_bAne Books _adpl |
||
| 037 | _bDBAD/PUB | ||
| 082 | _a660.6 | ||
| 100 | _aMathuriya, Abhilash S. | ||
| 245 |
_aIndustrial biotechnology / _cby Abhilasha S. Mathuriya |
||
| 260 |
_aNew Delhi _bAne Books _c2015 |
||
| 270 |
_a4821, Parwana Bhawan, Ist Floor, 24 Ansari Road, Daryaganj, _bNew Delhi _e110002 |
||
| 300 |
_aviii, 356p. : _c25cm(Hb) _bill |
||
| 942 |
_2ddc _cEN _mMAT _h660.6 |
||